Introducción a la lingüística: historia y modelos

Na minha lista:
Detalhes bibliográficos
Autor principal: Marín, Francisco Marcos
Formato: Livro
Idioma:Undetermined
Publicado em: Madrid, España Síntesis 1990
Assuntos:
Tags: Adicionar Tag
Sem tags, seja o primeiro a adicionar uma tag!

MARC

LEADER 00000nam a2200000Ia 4500
008 170316s9999 xx 000 0 und d
090 |a 410 M-9i 
100 |a Marín, Francisco Marcos 
245 |a Introducción a la lingüística: historia y modelos 
260 |a Madrid, España 
260 |b Síntesis 
260 |c 1990 
300 |a 222 páginas 
650 |a LINGÜÍSTICA 
999 |c 18633  |d 18633 
040 |a cru BVZT 
942 |c 15 D  |h 410 M-9i  |2 z